000 00625nam a2200193Ia 4500
003 GCL
008 140319s9999 xx 000 0 ara d
040 _aGCL /
_cGCL
082 0 4 _a910.133567
_bن ص
100 1 _aنورى خليل البرازى
245 1 0 _aالصناعة ومشاريع التصنيع فى العراق /
_cنورى خليل البرازى
260 _a[S.N] :
_bمعهد البحوث والدراسات العربية ،
_c1967
300 _a277 ص
490 _a
650 0 4 _aالعراق
650 0 4 _aالجغرافيا الاقتصادية
650 0 4 _aالصناعات
942 _2ddc
_cBK
999 _c55528
_d55528